000 00860nam a2200277 i 4500
001 000031405
003 DO-SdBNP
005 20240717093433.0
007 ta
008 240717s1990 dr a 000 | spa d
040 _aDO-SdBNP
_bspa
_cBNPHU
_erda
082 4 _bO652
_222
100 _957822
110 _986101
245 _aOrdenación sacerdotal de José Antonio Muñoz Peña de la provincia de Antillas por monseñor Nicolás De Jesús Lopez Rodriguez arzobispo metropolitano de Santo Domingo
264 _aSanto Domingo :
_bParroqia San Antonio Ma. Claret,
_c1990.
300 _apáginas variadas ;
_c16 cm.
336 _2rdacontent
_atexto
_btxt
337 _2rdamedia
_asin mediación
_bnc
338 _2rdacarrier
_avolumen
_bnc
590 _aInventariado, 2024/DG
700 _957823
700 _957824
910 _aDG
942 _2ddc
_cLF2
999 _c57302
_d57302